Guess the Hatsune Miku Song - Statistics

General Stats
  • This quiz has been taken 77 times
  • The average score is 4 of 15
Answer Stats
Hint Answer % Correct
Vegetable Juice Popipo
71%
Cherry Blossoms and controversy around imperial Japan Senbonzakura
53%
Welcome to the mind ---- Mind Brand
44%
Gott ist tott God-ish
38%
Keep on going for one more day Rolling Girl
32%
Famous for other Vocaloids screaming that one part Ghost Rule
30%
Fujoshi Miku Confessions of a Rotten Girl
24%
Like Hamlet it has a Titular Character Miku
24%
Paranoia Bug
21%
Most popular work of a mostly space themed producer Alien Alien
17%
A Committee on Happiness This is the Happiness and Peace of Mind Committee
17%
The government is always watching you Secret Police
14%
Features skeletons and a Miku in a red ballet tutu Skeleton Orchestra and Lillia
8%
Gaming addiction Online Game Addicts Sprechchor
5%
Mikus module has eyes on its hands Close and Open Demons and the Dead
2%
No matching quizzes found
Score Distribution
Percent of People with Each Score
Percentile by Number Answered
Your Score History
You have not taken this quiz